1101 1067 1932 1705 1861 1984 1723 1001 1997 1472 1990 1570 1048 1415 1877 1406 1659 1129 1989 1694 1494 1454 1002 1452 1260 1324 1688 1648 1918 1664 1434 1773 1543 1684 1737 1380 1055 1447 1290 1055 1824 1800 1275 1248 1510 1987 1983 1036 1661 1056 1098 1628 1271 1210 1975 1111 1646 1309 1359 1113 1469 1813 1859 1977 1570 1918 1471 1821 1620 1303 1297 1392 1325 1865 1258 1553 1077 1179 1215 1456 1190 1454 1918 1403 1306 1132 1120 1548 1226 1130 1391 1212 1049 1405 1547 1051 1234 1398 1780 BCNSPRNW ULIB Ver.6.0+V

เปลี่ยนเป็นภาษาไทย

Change to English
 แสดงรายละเอียดบรรณานุกรม
  กลับหน้าหลัก

Brief Record : Get Marc (ISO 2709) : E-mail record : QR code < ปิดหน้าต่าง
LEADER : 00000nam 2200000uu 4500
001    13399111257
003     ULIB
008    110621s1999||||th 000 0 eng d
020    0874349532
024    9780874349535
060 04 WY160^bP971 1999
100 1   L.W.Kruonick ,Susan and Andrew,Wade
245 00 Psychiatric care planning :^bnow with clinical pathways/^cSusan L.W.Kruonick and Wade Andrew
260    Pennsylvania :^bSpringhouse ,^cc1999
300    xi, 328 p. :^bill.
650  2 Mental Disorders^xNursing
650  2 Psychiatric Nursing^xMethods
700 1  Andrew,Wade
945    ^p0^l0^i011992
995    Kesorn
999 ^a ใช้งานได้ทุกระบบ
รายการนี้ยังไม่มีแท็ก
คุณยังไม่ได้ล็อกอิน คุณสามารถมีกิจกรรมร่วมกับเว็บไซต์ได้ แต่ต้องล็อกอินก่อน ::
  ล็อกอิน

รายการสื่อสารสนเทศ

ลำดับที่ ประเภท เลขเรียก/บาร์โค้ด สถานที่ สถานะ
- ไม่พบข้อมูล -

BibComment


ยังไม่เคยถูกคอมเมนท์

คอมเมนท์ทรัพยากรรายการนี้
  คอมเมนท์: Psychiatric care ..


 Copyright 2026. Bcnsprnw @Library